00000000nam##2200000za#4500
0019.572375
003CaOODSP
00520210929082754
007cr |||||||||||
008150406|2000||||xxc|||||o    f|0| 0 eng|d
040 |aCaOODSP|beng
043 |an-cn---
0861 |aFo29-47/21-2000E-PDF
1101 |aCanada. |bNatural Resources Canada. |bCanadian Forest Service.
24510|aMarketing forestry research and information on the Web : |h[electronic resource]|bthe Canadian Forest Service on-line bookstore / |c[by] S.G. Glover ... [et al.].
260 |aVictoria - British Columbia : |bNatural Resources Canada. |cFebruary 2000.
300 |a4p.|bcoloured figs., references, photographs
4901 |aTechnology transfer note|vNo. 21
500 |aThe catalogue number (Fo29-47/21-2000E) and ISBN (0-662-28866-1) for the print edition have been incorrectly copied in this electronic publication.
590 |a11-30-Supp|b2011-12-02
69007|aPublishing|2gcpds
69007|aInternet|2gcpds
69007|aForests|2gcpds
7201 |aGlover, S. G.
7760#|tMarketing forestry research and information on the Web : |w(CaOODSP)9.615148
830#0|aTechnology transfer note ;|vNo. 21|w(CaOODSP)9.504768
85640|ahttp://publications.gc.ca|qPDF|s1012 KB|uhttps://publications.gc.ca/collections/Collection/Fo29-47-21-2000E.pdf|yNo. 21